Capital Cities of the Americas - Statistics

General Stats
  • This quiz has been taken 359 times
  • The average score is 23 of 34
Answer Stats
Hint Answer % Correct
Brazil Brasilia
94%
Mexico Mexico City
93%
Panama Panama City
93%
Argentina Buenos Aires
90%
United States Washington DC
89%
Canada Ottawa
88%
Peru Lima
87%
El Salvador San Salvador
87%
Cuba Havana
84%
Colombia Bogota
83%
Chile Santiago
82%
Guatemala Guatemala City
81%
Ecuador Quito
78%
Venezuela Caracas
77%
Uruguay Montevideo
75%
Costa Rica San Jose
72%
Dominican Republic Santo Domingo
71%
Haiti Port-au-Prince
68%
Paraguay Asencion
67%
Bolivia Sucre
67%
Nicaragua Managua
64%
The Bahamas Nassau
63%
Suriname Paramaribo
61%
Honduras Tegucigalpa
59%
Belize Belmopan
58%
Guyana Georgetown
58%
Trinidad and Tobago Port of Spain
52%
Barbados Bridgetown
41%
St Lucia Castries
41%
Dominica Roseau
41%
St Kitts and Nevis Basseterre
33%
Antigua and Barbuda Saint John's
33%
Grenada St George's
30%
St Vincent and the Grenadines Kingstown
27%
No matching quizzes found
Score Distribution
Percent of People with Each Score
Percentile by Number Answered
Your Score History
You have not taken this quiz